Valentýnka na Šumavě /
Uloženo v:
| Série: | Valentýnka,
část 7 |
|---|---|
| Hlavní autor: | |
| Další autoři: | , |
| Médium: | E-audiokniha |
| Jazyk: | Czech |
| Vydáno: |
Praha :
Albatros,
2025
|
| Témata: | |
| Příbuzné jednotky: | Z cyklu::
Valentýnka |
| Tagy: |
Žádné tagy |
| LEADER | 04247nim a2200913 i 4500 | ||
|---|---|---|---|
| 001 | 313420 | ||
| 003 | CZ PrSKC | ||
| 005 | 20260601215742.0 | ||
| 007 | sd fungnnmmned | ||
| 008 | 250715s2025 xr nnnnj f n cze | ||
| 015 | |a cnb003696094 | ||
| 020 | |a 9788000077932 : |c Kč 299,00 | ||
| 040 | |a ABA001 |b cze |e rda | ||
| 072 | 7 | |a 821.162.3-3 |x Česká próza |2 Konspekt | |
| 072 | 7 | |a 821-93 |x Literatura pro děti a mládež (beletrie) |2 Konspekt | |
| 080 | |a 821.162.3-32 |2 MRF | ||
| 080 | |a (0:82-32) |2 MRF | ||
| 080 | |a (086.7.053.2) |2 MRF | ||
| 080 | |a (086.7)08 |2 MRF | ||
| 080 | |a (086.76) |2 MRF | ||
| 100 | 1 | |a Peroutková, Ivana, |d 1960- |7 jn20000401963 |4 aut | |
| 245 | 1 | 0 | |a Valentýnka na Šumavě / |c Ivana Peroutková |
| 264 | 1 | |a Praha : |b Albatros, |c 2025 | |
| 300 | |a 1 audiodisk (1 hod., 59 min.) ; |c 12 cm | ||
| 306 | |a 015900 | ||
| 336 | |a mluvené slovo |b spw |2 rdacontent | ||
| 337 | |a audio |b s |2 rdamedia | ||
| 338 | |a audiodisk |b sd |2 rdacarrier | ||
| 344 | |a digital |b optical |2 rda | ||
| 347 | |a audio soubor |b MP3 |2 rda | ||
| 500 | |a Název z disku | ||
| 500 | |a Vydalo nakladatelství Albatros ve společnosti Albatros Media a.s. | ||
| 500 | |a V první stopě audioknihy nesprávně uvedeno "Nakladatelství Voxi uvádí audioknihu..." | ||
| 500 | |a Podle stejnojmenné knihy vydané nakladatelstvím Albatros v roce 2025 | ||
| 500 | |a Nezkrácená audiokniha ve formátu MP3 | ||
| 508 | |a Režie, Jan Drbohlav | ||
| 511 | 0 | |a Čte Ivana Andrlová | |
| 518 | |o Nahráno |d květen 2025 |p studio S Pro Alfa | ||
| 521 | 8 | |a Pro posluchače od 7 let | |
| 655 | 7 | |a české příběhy |7 fd133973 |2 czenas | |
| 655 | 7 | |a zvukové záznamy pro děti a mládež |7 fd186726 |2 czenas | |
| 655 | 7 | |a audioknihy |7 fd119452 |2 czenas | |
| 655 | 7 | |a kompaktní disky |7 fd201991 |2 czenas | |
| 655 | 9 | |a Czech stories |2 eczenas | |
| 655 | 9 | |a juvenile sound recordings |2 eczenas | |
| 655 | 9 | |a audiobooks |2 eczenas | |
| 655 | 9 | |a compact discs |2 eczenas | |
| 700 | 1 | |a Drbohlav, Jan, |d 1968- |7 xx0057821 |4 drt | |
| 700 | 1 | |a Andrlová, Ivana, |d 1960- |7 ola2002110791 |4 nrt | |
| 787 | 0 | 8 | |i Z cyklu: |t Valentýnka |g 7 |
| 900 | |a ABA001 |b 20 | ||
| 928 | 9 | |a Albatros Media - Albatros | |
| 044 | |a xr | ||
| 505 | 0 | 0 | |t 01_Jak se Valentynka se Zuzkou a s Anickou domluvily na podzimni prazdniny (5 min., 52 sek.) |
| 505 | 0 | 0 | |t 02_Co se domluvilo nez se rozpustila mlha (6 min., 15 sek.) |
| 505 | 0 | 0 | |t 03_Baleni a princeznovska sukynka (2 min., 33 sek.) |
| 505 | 0 | 0 | |t 04_Cesta na Sumavu a tri postele (5 min., 38 sek.) |
| 505 | 0 | 0 | |t 05_Plany na pet dni a znovu ta sukynka (4 min., 37 sek.) |
| 505 | 0 | 0 | |t 06_Ranni prekvapeni (4 min., 35 sek.) |
| 505 | 0 | 0 | |t 07_Vylet na Trijezerni slat a nebezpecne baziny (4 min., 29 sek.) |
| 505 | 0 | 0 | |t 08_Dobrodruznou stezkou podel Vydry a Valentyncin dalsi tajny boj (5 min., 25 sek.) |
| 505 | 0 | 0 | |t 09_Nocni povidani (3 min., 50 sek.) |
| 505 | 0 | 0 | |t 10_A zase ta mlha (5 min., 49 sek.) |
| 505 | 0 | 0 | |t 11_V obore s jeleny parozi a Smolicek (5 min., 16 sek.) |
| 505 | 0 | 0 | |t 12_Zlate buchticky se sodo (3 min., 15 sek.) |
| 505 | 0 | 0 | |t 13_Uvahy o pokladu a pisnicka o bludicce (5 min., 40 sek.) |
| 505 | 0 | 0 | |t 14_Hovory u snidane jezero Laka plujici ostruvky a podivuhodny nalez v boruvci (8 min., 40 sek.) |
| 505 | 0 | 0 | |t 15_Dobrodruzstvi s lopatou (6 min., 36 sek.) |
| 505 | 0 | 0 | |t 16_Zapis do deniku a nocni bourka (4 min., 51 sek.) |
| 505 | 0 | 0 | |t 17_Destive rano karty a Valentynka znovu svadi vnitrni boj (7 min., 32 sek.) |
| 505 | 0 | 0 | |t 18_V saune (2 min., 48 sek.) |
| 505 | 0 | 0 | |t 19_Co se udalo na slavnostni veceri (6 min., 25 sek.) |
| 505 | 0 | 0 | |t 20_Vecer kdy kazda z kamaradek predvede svoje umeni (6 min., 47 sek.) |
| 505 | 0 | 0 | |t 21_Opet v hotelu a Valentynka kamaradkam priznava kam sla kdyz prselo (3 min., 39 sek.) |
| 505 | 0 | 0 | |t 22_Vyslap na Breznik a cesta domu (5 min., 26 sek.) |
| 505 | 0 | 0 | |t 23_Prvni vanocni prekvapeni (3 min., 50 sek.) |
| 910 | |a RBIT002 | ||
| 998 | |d 420054 |a https://core.palmknihy.cz/api/books/420054/cover?sv7d7t |b https://core.palmknihy.cz/api/books/420054/cover/400?sv7d7t |c https://core.palmknihy.cz/api/books/420054/cover/50?sv7d7t |e 2034-12-31 |i 9788000077932 |l 7200 |q 49 |r 1 |s https://www.palmknihy.cz/kniha/420054 |t audiobook |y 2025 |z 0 | ||
| 999 | |d 313418 | ||